The Economics of Nonprofit Enterprises / (Record no. 615574)

MARC details
000 -LEADER
fixed length control field 00635nam a2200157Ia 4500
008 - FIXED-LENGTH DATA ELEMENTS--GENERAL INFORMATION
fixed length control field 260225s9999 xx 000 0 und d
020 ## - INTERNATIONAL STANDARD BOOK NUMBER
ISBN 9781843760368
082 ## - DEWEY DECIMAL CLASSIFICATION NUMBER
Classification number 338.74
Item number STE
100 ## - MAIN ENTRY--AUTHOR NAME
Personal name Steinberg, Richard
245 #0 - TITLE STATEMENT
Title The Economics of Nonprofit Enterprises /
Statement of responsibility, etc Steinberg, Richard
260 ## - PUBLICATION, DISTRIBUTION, ETC. (IMPRINT)
Name of publisher Edward Elgar Publishing,
Year of publication 2004
520 ## - SUMMARY, ETC.
Summary, etc For this collection, Richard Steinberg has selected some of the most important previously published articles which illustrate the development of research on nonprofit organisations.
650 ## - SUBJECT ADDED ENTRY--TOPICAL TERM
Topical Term Associations sans but lucratif - Gestion
942 ## - ADDED ENTRY ELEMENTS (KOHA)
Koha item type English Books
Holdings
Withdrawn status Lost status Damaged status Not for loan Home library Current library Shelving location Date acquired Full call number Accession Number Price effective from Koha item type
        Anna Centenary Library Anna Centenary Library 4TH FLOOR, A WING 25.02.2026 338.74 STE 342926 25.02.2026 English Books

Find us on the map